Hamilton Lyrics Sort #36 - Hurricane - Statistics

General Stats
  • This quiz has been taken 8 times
  • The average score is 25 of 39
Answer Stats
Hint Answer % Correct
Line 3 A yellow sky [1]
100%
Line 2 For just a moment [1]
100%
Line 1 In the eye of a hurricane there is quiet [1]
100%
Line 4 When I was seventeen, a hurricane destroyed my town
100%
Line 5 I didn't drown, I couldn't seem to die
80%
Line 26 I was twelve when my mother died
80%
Line 6 I wrote my way out [1]
80%
Line 27 She was holding me
80%
Line 28 We were sick, and she was holding me
80%
Line 19 And in the face of ignorance and resistance
60%
Line 11 And total strangers
60%
Line 21 And when my prayers to God were met with indifference
60%
Line 25 A yellow sky [2]
60%
Line 24 For just a moment [2]
60%
Line 29 I couldn't seem to die
60%
Line 34 I'll write my way out
60%
Line 9 I look up and the town had its eyes on me
60%
Line 23 In the eye of a hurricane there is quiet [2]
60%
Line 22 I picked up a pen, I wrote my own deliverance
60%
Line 16 I was louder than the crack in the bell
60%
Line 18 I wrote about the Constitution and defended it well
60%
Line 17 I wrote Eliza love letters until she fell
60%
Line 20 I wrote financial systems into existence
60%
Line 8 I wrote my way out [2]
60%
Line 14 I wrote my way out of hell
60%
Line 15 I wrote my way to revolution
60%
Line 12 Moved to kindness by my story
60%
Line 35 Overwhelm them with honesty
60%
Line 13 Raised enough for me to book passage on a ship that was New York bound
60%
Line 39 The Reynolds Pamphlet
60%
Line 10 They passed a plate around
60%
Line 36 This is the eye of the hurricane
60%
Line 37 this is the only way I can protect my legacy
60%
Line 38 Wait for it, wait for it, wait for it, wait [2]
60%
Line 7 Wrote everything down far as I could see
60%
Line 33 (History has its eyes on you)
40%
Line 31 I'll write my way out (wait for it, wait for it, wait for it)
40%
Line 30 Wait for it, wait for it, wait for it [1]
40%
Line 32 Write ev'rything down, far as I can see (wait for it, wait for it, wait for it)
40%
No matching quizzes found
Score Distribution
Percent of People with Each Score
Percentile by Number Answered
Your Score History
You have not taken this quiz